<?xml version="1.0" encoding="UTF-8"?>
<record
    xmlns:xsi="http://www.w3.org/2001/XMLSchema-instance"
    xsi:schemaLocation="http://www.loc.gov/MARC21/slim http://www.loc.gov/standards/marcxml/schema/MARC21slim.xsd"
    xmlns="http://www.loc.gov/MARC21/slim">

  <leader>00823nam a22002177a 4500</leader>
  <controlfield tag="003">0</controlfield>
  <controlfield tag="005">20250129102036.0</controlfield>
  <controlfield tag="008">150902b        xxu||||| |||| 00| 0 eng d</controlfield>
  <datafield tag="050" ind1=" " ind2=" ">
    <subfield code="a">PGS ML 3830</subfield>
    <subfield code="b">.C277 2015</subfield>
  </datafield>
  <datafield tag="100" ind1=" " ind2=" ">
    <subfield code="a">Caringal, Lucille Alyssa R. </subfield>
  </datafield>
  <datafield tag="245" ind1=" " ind2=" ">
    <subfield code="a">Music engagement and self esteem /</subfield>
    <subfield code="c">Lucille Alyssa R. Caringal.</subfield>
  </datafield>
  <datafield tag="260" ind1=" " ind2=" ">
    <subfield code="a">Las Pi&#xF1;as City, Philippines :</subfield>
    <subfield code="b">Southville International School and Colleges,</subfield>
    <subfield code="c">2015.</subfield>
  </datafield>
  <datafield tag="300" ind1=" " ind2=" ">
    <subfield code="a">29 p. :</subfield>
    <subfield code="b">ill. ;</subfield>
    <subfield code="c">28 cm. </subfield>
    <subfield code="f">PASS</subfield>
  </datafield>
  <datafield tag="504" ind1=" " ind2=" ">
    <subfield code="a">Includes bibliographical references.</subfield>
  </datafield>
  <datafield tag="650" ind1=" " ind2=" ">
    <subfield code="2">Library of Congress Subject Headings</subfield>
    <subfield code="a">Music</subfield>
    <subfield code="v">Psychological aspects.</subfield>
  </datafield>
  <datafield tag="650" ind1=" " ind2=" ">
    <subfield code="a">Self-esteem in children.</subfield>
  </datafield>
  <datafield tag="650" ind1=" " ind2=" ">
    <subfield code="a">Music</subfield>
    <subfield code="v">Influence on youth.</subfield>
  </datafield>
  <datafield tag="650" ind1=" " ind2=" ">
    <subfield code="a">Music</subfield>
    <subfield code="v">Instruction and study.</subfield>
  </datafield>
  <datafield tag="650" ind1=" " ind2=" ">
    <subfield code="a">Sixth grade (Education)</subfield>
    <subfield code="v">Psychological aspects.</subfield>
  </datafield>
  <datafield tag="942" ind1=" " ind2=" ">
    <subfield code="2">lcc</subfield>
    <subfield code="c">PASS</subfield>
  </datafield>
  <datafield tag="999" ind1=" " ind2=" ">
    <subfield code="c">288578</subfield>
    <subfield code="d">288578</subfield>
  </datafield>
  <datafield tag="952" ind1=" " ind2=" ">
    <subfield code="0">0</subfield>
    <subfield code="1">0</subfield>
    <subfield code="2">lcc</subfield>
    <subfield code="4">0</subfield>
    <subfield code="7">1</subfield>
    <subfield code="a">LUX</subfield>
    <subfield code="b">LUX</subfield>
    <subfield code="c">PASS</subfield>
    <subfield code="d">2015-09-02</subfield>
    <subfield code="e">DONATION</subfield>
    <subfield code="l">0</subfield>
    <subfield code="o">PGS ML 3830 .C277 2015</subfield>
    <subfield code="p">P3410</subfield>
    <subfield code="r">2015-09-02 00:00:00</subfield>
    <subfield code="w">2015-09-02</subfield>
    <subfield code="y">PASS</subfield>
    <subfield code="z">Be Amazing, Be Southville! </subfield>
  </datafield>
</record>
